<?xml version="1.0" encoding="UTF-8"?>
<collection xmlns="http://www.loc.gov/MARC21/slim">
 <record>
  <leader>01947nam a2200349   4500</leader>
  <controlfield tag="001">DLU190189456</controlfield>
  <controlfield tag="005">##20190122</controlfield>
  <datafield tag="020" ind1="#" ind2="#">
   <subfield code="a">9786045846056</subfield>
  </datafield>
  <datafield tag="040" ind1="#" ind2="#">
   <subfield code="a">DLU</subfield>
   <subfield code="b">vie</subfield>
  </datafield>
  <datafield tag="041" ind1="#" ind2="#">
   <subfield code="a">vie</subfield>
   <subfield code="h">eng</subfield>
  </datafield>
  <datafield tag="044" ind1="#" ind2="#">
   <subfield code="a">vn</subfield>
  </datafield>
  <datafield tag="082" ind1="#" ind2="#">
   <subfield code="a">650.14</subfield>
   <subfield code="b">TR-B</subfield>
  </datafield>
  <datafield tag="100" ind1="#" ind2="#">
   <subfield code="a">Tracy, Brian.</subfield>
  </datafield>
  <datafield tag="245" ind1="#" ind2="#">
   <subfield code="a">Để được trọng dụng &amp; đãi ngộ :</subfield>
   <subfield code="b">21 bí quyết thực tế để đạt được thành công và thăng tiến trong sự nghiệp /</subfield>
   <subfield code="c">Brian Tracy; Thu Hà biên dịch.</subfield>
  </datafield>
  <datafield tag="246" ind1="#" ind2="#">
   <subfield code="a">Để được trọng dụng và đãi ngộ</subfield>
  </datafield>
  <datafield tag="246" ind1="#" ind2="#">
   <subfield code="a"> Get paid more and promoted faster</subfield>
  </datafield>
  <datafield tag="260" ind1="#" ind2="#">
   <subfield code="a">Tp. Hồ Chí Minh :</subfield>
   <subfield code="b">Nxb. Tổng hợp,</subfield>
   <subfield code="c">2017.</subfield>
  </datafield>
  <datafield tag="300" ind1="#" ind2="#">
   <subfield code="a">111 tr. ;</subfield>
   <subfield code="c">21 cm.</subfield>
  </datafield>
  <datafield tag="505" ind1="#" ind2="#">
   <subfield code="a">Xác định chính xác điều bạn muốn -- Chọn đúng chỗ làm -- Chọn đúng cấp trên -- Xây dựng thái độ tích cực -- Tạo một hình ảnh chuyên nghiệp và thành công -- Làm việc nghiêm túc và tích cực -- Đảm nhận thêm nhiều nhiệm vụ -- Đòi hỏi những gì bạn muốn -- Giữ gìn bản tính chính trực như một điều thiêng liêng -- Định hướng cho tương lai -- Tập trung vào mục tiêu -- Tập trung vào công việc quan trọng -- Hãy là người biết giải quyết khó khăn -- Khơi dậy tiềm năng sáng tạo -- Xây dựng các mối quan hệ tốt đẹp -- Đầu tư phát triển bản thân -- Quyết tâm vươn lên -- Thỏa mãn nhu cầu khách hàng -- Nâng cao khả năng sinh lợi của công ty -- Phát triển quyền lực tích cực -- Hoàn thành công việc trong thời gian nhanh nhất.</subfield>
  </datafield>
  <datafield tag="650" ind1="#" ind2="#">
   <subfield code="a">Phát triển nghề nghiệp.</subfield>
  </datafield>
  <datafield tag="700" ind1="#" ind2="#">
   <subfield code="a">Thu Hà,</subfield>
   <subfield code="e">biên dịch.</subfield>
  </datafield>
  <datafield tag="923" ind1="#" ind2="#">
   <subfield code="a">05/2018</subfield>
  </datafield>
  <datafield tag="991" ind1="#" ind2="#">
   <subfield code="a">SH</subfield>
  </datafield>
  <datafield tag="992" ind1="#" ind2="#">
   <subfield code="a">42000</subfield>
  </datafield>
  <datafield tag="994" ind1="#" ind2="#">
   <subfield code="a">DLU</subfield>
  </datafield>
  <datafield tag="900" ind1="#" ind2="#">
   <subfield code="a">True</subfield>
  </datafield>
  <datafield tag="911" ind1="#" ind2="#">
   <subfield code="a">Nguyễn Thanh Hương</subfield>
  </datafield>
  <datafield tag="925" ind1="#" ind2="#">
   <subfield code="a">G</subfield>
  </datafield>
  <datafield tag="926" ind1="#" ind2="#">
   <subfield code="a">A</subfield>
  </datafield>
  <datafield tag="927" ind1="#" ind2="#">
   <subfield code="a">SH</subfield>
  </datafield>
  <datafield tag="980" ind1="#" ind2="#">
   <subfield code="a">Thư viện Trường Đại học Đà Lạt</subfield>
  </datafield>
 </record>
</collection>
